How to use natural experiments to estimate misallocation (Record no. 522866)

000 -LEADER
fixed length control field 01120nam a22001457a 4500
008 - FIXED-LENGTH DATA ELEMENTS--GENERAL INFORMATION
fixed length control field 230609b ||||| |||| 00| 0 eng d
100 ## - MAIN ENTRY--PERSONAL NAME
Personal name Sraer, David and Thesmar,David
245 ## - TITLE STATEMENT
Title How to use natural experiments to estimate misallocation
260 ## - PUBLICATION, DISTRIBUTION, ETC. (IMPRINT)
Place of publication, distribution, etc The American Economic Review
300 ## - PHYSICAL DESCRIPTION
Extent 113(4), Apr, 2023: p.906-938
520 ## - SUMMARY, ETC.
Summary, etc We propose a method to estimate the effect of firm policies (e.g., bankruptcy laws) on allocative efficiency using (quasi-)experimental evidence. Our approach takes general equilibrium effects into account and requires neither a structural estimation nor a precise assumption on how the experiment affects firms. Our aggregation formula relies on treatment effects of the policy on the distribution of output-to-capital ratios, which are easily estimated. We show this method is valid for a large class of commonly used models in macrofinance. We apply it to the French banking deregulation episode of the mid-1980s and find an increase in aggregate TFP of 5 percent.- Reproduced
773 ## - HOST ITEM ENTRY
Main entry heading The American Economic Review
906 ## - LOCAL DATA ELEMENT F, LDF (RLIN)
Subject DIP ECONOMICS
942 ## - ADDED ENTRY ELEMENTS (KOHA)
Item type Articles
Holdings
Withdrawn status Lost status Source of classification or shelving scheme Damaged status Not for loan Permanent location Current location Date acquired Serial Enumeration / chronology Barcode Date last seen Koha item type
          Indian Institute of Public Administration Indian Institute of Public Administration 2023-06-09 113(4), Apr, 2023: p.906-938 AR128916 2023-06-09 Articles

Powered by Koha